9 Groups of 9- Geography - Statistics

General Stats
  • This quiz has been taken 1,361 times
  • The average score is 61 of 81
Answer Stats
Hint Answer % Correct
Spanish-Speaking Countries of South America Argentina
98%
Spanish-Speaking Countries of South America Bolivia
98%
Spanish-Speaking Countries of South America Chile
98%
Spanish-Speaking Countries of South America Colombia
98%
Spanish-Speaking Countries of South America Paraguay
98%
Spanish-Speaking Countries of South America Uruguay
98%
Spanish-Speaking Countries of South America Venezuela
98%
Spanish-Speaking Countries of South America Ecuador
97%
Spanish-Speaking Countries of South America Peru
97%
North American Countries where Spanish is Official El Salvador
95%
Countries bordering the Baltic Sea Estonia
95%
North American Countries where Spanish is Official Guatemala
95%
Countries bordering the Baltic Sea Latvia
95%
North American Countries where Spanish is Official Nicaragua
95%
North American Countries where Spanish is Official Panama
95%
Countries bordering the Baltic Sea Finland
94%
North American Countries where Spanish is Official Honduras
94%
Countries bordering the Baltic Sea Lithuania
94%
Countries bordering the Baltic Sea Russia
94%
North American Countries where Spanish is Official Costa Rica
93%
Mainland African Countries bordering the Indian Ocean Kenya
93%
North American Countries where Spanish is Official Mexico
93%
Countries bordering the Baltic Sea Sweden
93%
Mainland African Countries bordering the Indian Ocean Tanzania
93%
Countries bordering the D.R. Congo Tanzania
93%
North American Countries where Spanish is Official Cuba
91%
Island Countries of Asia, excluding the Middle East Indonesia
91%
Countries bordering the Baltic Sea Poland
91%
Mainland African Countries bordering the Indian Ocean Somalia
91%
Countries bordering the Baltic Sea Denmark
90%
Capital Cities of Countries bordering Germany Paris
90%
Capital Cities of Countries bordering Germany Warsaw
90%
North American Countries where Spanish is Official Dominican Republic
89%
Countries bordering the Baltic Sea Germany
89%
Island Countries of Asia, excluding the Middle East Japan
89%
Mainland African Countries bordering the Indian Ocean Mozambique
89%
Island Countries of Asia, excluding the Middle East Sri Lanka
89%
Island Countries of Asia, excluding the Middle East Taiwan
89%
Countries bordering the D.R. Congo Uganda
89%
Capital Cities of Countries bordering Germany Amsterdam
88%
Countries bordering the D.R. Congo Rwanda
88%
Capital Cities of Countries bordering Germany Vienna
88%
Countries bordering the D.R. Congo Zambia
88%
Capital Cities of Countries bordering Germany Bern
87%
Capital Cities of Countries bordering Germany Brussels
87%
Countries bordering the D.R. Congo Central African Republic
87%
Island Countries of Asia, excluding the Middle East Philippines
87%
Countries bordering the D.R. Congo Republic of Congo
87%
Countries bordering the D.R. Congo Angola
86%
Mainland African Countries bordering the Indian Ocean Eritrea
86%
Mainland African Countries bordering the Indian Ocean South Africa
86%
Mainland African Countries bordering the Indian Ocean Djibouti
85%
Island Countries of Asia, excluding the Middle East Singapore
85%
Capital Cities of Countries bordering Germany Copenhagen
84%
Countries bordering the D.R. Congo Burundi
83%
Island Countries of Asia, excluding the Middle East East Timor
83%
Capital Cities of Countries bordering Germany Luxembourg
83%
Island Countries of Asia, excluding the Middle East Maldives
83%
Capital Cities of Countries bordering Germany Prague
83%
Mainland African Countries bordering the Indian Ocean Sudan
83%
Island Countries of Asia, excluding the Middle East Brunei
82%
Countries bordering the D.R. Congo South Sudan
82%
Mainland African Countries bordering the Indian Ocean Egypt
78%
9 Outermost Regions (OMR) of the EU French Guiana
69%
9 Outermost Regions (OMR) of the EU Martinique
29%
9 Outermost Regions (OMR) of the EU Réunion
26%
9 Outermost Regions (OMR) of the EU Guadeloupe
25%
9 Outermost Regions (OMR) of the EU Saint Martin
25%
Provinces of South Africa KwaZulu-Natal
24%
9 Outermost Regions (OMR) of the EU Canary Islands
23%
Provinces of South Africa Free State
22%
Provinces of South Africa Western Cape
22%
9 Outermost Regions (OMR) of the EU Azores
21%
9 Outermost Regions (OMR) of the EU Mayotte
19%
Provinces of South Africa Eastern Cape
17%
Provinces of South Africa Northern Cape
17%
9 Outermost Regions (OMR) of the EU Madeira
14%
Provinces of South Africa Gauteng
11%
Provinces of South Africa Limpopo
11%
Provinces of South Africa North West
8%
Provinces of South Africa Mpumalanga
7%
No matching quizzes found
Score Distribution
Percent of People with Each Score
Percentile by Number Answered
Your Score History
You have not taken this quiz